| 000 | 00313nam a2200121Ia 4500 | ||
|---|---|---|---|
| 008 | 230917s9999||||xx |||||||||||||| ||und|| | ||
| 040 |
_e131842 _aMAIN |
||
| 041 | _aEnglish | ||
| 082 | _a330.917-24 W893W | ||
| 245 | 0 | _aWorld development report 1990 | |
| 260 |
_aOxford _bOxford University Press _c1990 |
||
| 942 | _cBK | ||
| 999 |
_c69866 _d69866 |
||